Klastrové politiky v Německu a Rakousku (případové studie s implikací pro ČR)

Klastre v kontexte teórie a praxe regionálneho rozvoja. Význam klastrov pre regionálnu ekonomickú konkurencieschopnosť. Programy k podpore klastrov (prípadová štúdia Nemecka a Rakúska).Implikácie pre Českú republiku.

Salvato in:
Dettagli Bibliografici
Autore principale: Abrhám, Josef
Natura: Capitolo di libro
Lingua:ceco
Soggetti:
Tags: Aggiungi Tag
Nessun Tag, puoi essere il primo ad aggiungerne!!

MARC

LEADER 00000naa$a2200000$$$4500
001 0111869
005 20231127115405.9
041 0 |a cze 
044 |a CZ 
245 1 0 |a Klastrové politiky v Německu a Rakousku (případové studie s implikací pro ČR)  |c Josef Abrhám 
520 |a Klastre v kontexte teórie a praxe regionálneho rozvoja. Význam klastrov pre regionálnu ekonomickú konkurencieschopnosť. Programy k podpore klastrov (prípadová štúdia Nemecka a Rakúska).Implikácie pre Českú republiku. 
610 2 0 |a Česko 
610 2 0 |a Rakúsko 
610 2 0 |a Nemecko 
610 2 0 |a konkurencieschopnosť 
610 2 0 |a kooperácia 
610 2 0 |a klaster 
610 2 0 |a politika regionálna 
100 1 |a Abrhám, Josef